[Event "36. Open Untergrombach A-Turnier"]
[Site "?"]
[Date "2019.01.03"]
[Round "3.5"]
[White "Cofmann, Veaceslav"]
[Black "Müller, Erich"]
[Result "1/2-1/2"]
[WhiteElo "2205"]
[BlackElo "2056"]
[PlyCount "114"]

1. d4 f5 2. c4 Nf6 3. Nc3 g6 4. g3 Bg7 5. Bg2 O-O 6. Nh3 d6 7. Nf4 e5 8. dxe5
dxe5 9. Qxd8 Rxd8 10. Nfd5 Rd7 11. Bg5 Kf7 12. Na4 Na6 13. O-O-O c6 14. Nxf6
Bxf6 15. Be3 Be7 16. f4 e4 17. Bd4 Rd8 18. b3 Be6 19. Kb1 Rd7 20. Be3 Rxd1+ 21.
Rxd1 b6 {(=)} 22. Nc3 Rd8 23. Rxd8 Bxd8 24. Bd4 Bc7 25. Nd1 Nb8 26. e3 Nd7 27.
Bf1 Bd8 28. Kc1 Bf6 29. Bxf6 Kxf6 30. Nf2 Ke7 31. Kd2 Nf6 32. c5 bxc5 33. Nd1
c4 34. bxc4 Kd6 35. Kc3 c5 36. Kb3 Kc6 37. Be2 Ne8 38. Nf2 Nf6 39. Kc3 Kb6 40.
h3 Ne8 41. g4 Nd6 42. Nh1 Kc6 43. Ng3 Kd7 44. gxf5 gxf5 45. Nf1 Ne8 46. Nd2 Kd6
47. Nb3 Kc6 48. Kc2 Nd6 49. Nd2 Kb6 50. Kc3 Ka5 51. Nf1 Kb6 52. Ng3 Kc7 53. Nh5
Ne8 54. Bd1 Bd7 55. Kd2 Kd6 56. Ke1 Ke7 57. Kd2 Nd6 1/2-1/2

[Event "36. Open Untergrombach A-Turnier"]
[Site "?"]
[Date "2019.01.03"]
[Round "3.6"]
[White "Nils, Philipp"]
[Black "Wiechert, Hans"]
[Result "0-1"]
[WhiteElo "2040"]
[BlackElo "2167"]
[PlyCount "58"]

1. e4 c5 2. d4 cxd4 3. c3 d5 4. Qxd4 dxe4 5. Qxd8+ Kxd8 6. Be3 Nf6 7. Nd2 Ke8
8. O-O-O Nc6 9. Bb5 g6 10. Ne2 Bd7 11. Rhe1 Bg7 12. Nd4 Nxd4 13. Bxd7+ Nxd7 14.
Bxd4 Bxd4 15. cxd4 Rc8+ 16. Kb1 f5 17. f3 exf3 18. Nxf3 h6 19. d5 Kf7 20. Nd4
a6 21. Ne6 Nf6 22. h3 Rc4 23. Re2 Rhc8 24. a3 Re4 25. Rxe4 Nxe4 26. g4 Kf6 27.
Nf4 fxg4 28. Re1 Nd2+ 29. Ka2 Kf5 0-1

[Event "36. Open Untergrombach A-Turnier"]
[Site "?"]
[Date "2019.01.03"]
[Round "3.7"]
[White "Keil, Roland"]
[Black "Kettner, Jürgen"]
[Result "0-1"]
[WhiteElo "2031"]
[BlackElo "2237"]
[PlyCount "40"]

1. e4 d6 2. d4 Nf6 3. Nc3 g6 4. Be3 c6 5. Qd2 b5 6. Bd3 Nbd7 7. h3 Bb7 8. Nf3
Qc7 9. b3 a6 10. a3 Rc8 11. Rc1 c5 12. d5 Bg7 13. Bh6 Bxh6 14. Qxh6 Qa5 15. Qd2
Qxa3 16. O-O O-O 17. Rfd1 Rfd8 18. Ne2 c4 19. b4 cxd3 20. Ra1 Qb2 0-1

[Event "36. Open Untergrombach A-Turnier"]
[Site "?"]
[Date "2019.01.03"]
[Round "3.8"]
[White "Ikonnikov, Vyacheslav"]
[Black "Geweniger, Tim"]
[Result "1-0"]
[WhiteElo "2544"]
[BlackElo "1929"]
[PlyCount "79"]

1. d4 e6 2. c4 d5 3. Nf3 Nf6 4. Nc3 Be7 5. Bg5 O-O 6. e3 h6 7. Bh4 a6 8. Rc1
dxc4 9. Bxc4 b5 10. Bxf6 Bxf6 11. Bd3 Bb7 12. Ne4 Nd7 13. Nxf6+ Nxf6 14. O-O
Rc8 15. b4 Qe7 16. a3 Rfd8 17. Ne5 Rd6 18. Rc5 Nd7 19. Nxd7 Qxd7 20. Qc2 Rc6
21. Rc1 Rxc5 22. Qxc5 Qd5 {(=)} 23. f3 Qxc5 24. Rxc5 Kf8 25. a4 bxa4 26. Ra5
Ra8 27. Rxa4 Ke7 28. Kf2 Kd6 29. e4 Kc6 30. Ra5 Kb6 31. h4 Rd8 32. Ke3 Rd7 33.
g4 Rd8 34. f4 Rd6 35. f5 Bc8 36. e5 Rd5 37. Rxd5 exd5 38. g5 hxg5 39. h5 g6 40.
h6 1-0

[Event "36. Open Untergrombach A-Turnier"]
[Site "?"]
[Date "2019.01.03"]
[Round "3.9"]
[White "Stets, Dmitry"]
[Black "Herrmann, Jens"]
[Result "1-0"]
[WhiteElo "2374"]
[BlackElo "2019"]
[Annotator "GM Davor Rogic"]
[PlyCount "93"]
[EventDate "2019.??.??"]

{Dear chess friends, we are now at the begining of the 36. Untergombach open
tournament. With three GMs it is one of the strongest ever played. I will
analyze a nice fighting game from round 3, where Jens  Herrmann after a
confident draw in previous round with GM Ikonnikov tried to play continously
brave and risky. Let's see what happened...} 1. e4 d6 2. d4 Nf6 3. Nc3 e5 4.
Nf3 Nbd7 5. Bc4 Be7 6. a4 c6 7. O-O O-O 8. Ba2 {This opening is very, very
solid for Black and many GMs even play it. Bishop back so that it is not
allowed to take on e4 and play d5.} Qc7 9. Re1 a5 10. h3 exd4 {With this move
Black try to make counterplay with fast development of the pieces.} 11. Nxd4
Nc5 12. Bf4 Bd7 {This is a really new approach of play in this line and it is
not impressing so much.} ({Black also tried} 12... Ne6 {but this is not so
good for him after} 13. Bh2 Nxd4 14. Qxd4 Nd7 15. Rad1 Ne5 16. f4 Ng6 17. Kh1
Re8 18. f5 Ne5 19. Bxe5 dxe5 20. Qc4 Bd8 21. Rxd8 Rxd8 22. Nd5 Rxd5 23. exd5
Bxf5 24. d6 Qd7 25. Rxe5 Re8 26. Qxf7+ {1-0 (26) Kanarek,M (2471)-Stoma,P 
(2326) Warsaw 2014}) ({Possible the best approach is} 12... Nfd7 13. Nf5 Ne5
14. Nxe7+ Qxe7 15. Be3 Be6 16. Bxc5 dxc5 17. Bxe6 fxe6 18. Qh5 Qf6 19. Re2 Rad8
20. Rf1 g6 21. Qh6 Rd4 22. Qe3 g5 23. Qc1 Qf4 24. Re3 Qh4 25. b3 h6 26. f3 Ng6
27. Ne2 Nf4 28. Nxf4 Qxf4 29. Qe1 b6 30. g3 Qd6 31. e5 Qd5 32. c4 Qd7 33. Qb1
Qh7 34. Qxh7+ Kxh7 35. Kf2 Kg6 36. Rfe1 Rfd8 37. R1e2 Rd1 38. Re1 R8d2+ 39.
R1e2 Rd4 40. Re1 R1d2+ 41. R1e2 h5 42. g4 h4 43. Rxd2 Rxd2+ 44. Re2 Rd4 45. Re4
Rxe4 46. fxe4 Kf7 {1/2 (46) Krstic,U (2356)-Saric,A (2340) Kastav 2002}) 13.
Qf3 Rad8 {Not working is queen 'aggression' like} (13... Qb6 14. e5 dxe5 15.
Bxe5 Qxb2 $4 16. Reb1 {and 'Black lady' is trapped}) 14. Rad1 Bc8 {This is the
idea of the previous 12...Bd7 move but also this is very slow.} 15. Nb3 $6 ({
After completing development White is obligated to play directly and try to
fight for advantage with...} 15. e5 $1 {This impact is really strong and
destroys the whole Black concept.} dxe5 16. Bxe5 Qb6 17. Qg3 $1 {Quite and
strong move after which white is simply better. The threat is 18.Bc7} Rde8 (
17... Qb4 18. Bc7) 18. Ndb5 $1 cxb5 19. Nd5 {Fantastic and hidden point of
combination!} Qc6 20. axb5) 15... Nxb3 16. Bxb3 Nd7 17. Qg3 Ne5 {Finally Black
is coordinated and the position now is about equal.} 18. Be3 Ng6 19. Rd2 Kh8 {
With the idea to play f5 in the right moment. Probably better was} (19... Bh4
20. Qf3 Be6) 20. Bd4 Be6 21. Red1 Bxb3 22. cxb3 f5 {This is the point of
Blacks play. If he resolved the g7 weakness he could even calculate on some
advantage because of the pawn structure.} 23. exf5 Rxf5 24. Ne4 Bh4 {Nothing
wrong is with this idea but very interesting was natural} (24... Qd7 25. Bb6 {
and now Black has full compesation for the exchange after} d5 $1 26. Bxd8 Qxd8
27. Qe3 Qf8 28. Ng3 Bc5 29. Qe1 Rf6) 25. Qd3 Rff8 26. g3 Be7 27. Qc3 Rg8 {
Better was natural} (27... Rf7 28. h4 d5 29. h5 Bb4) 28. h4 d5 29. h5 Bb4 30.
Qe3 {Culmination of the battle! Black have few possibilities and this is
always danger to make mistake. The easeast is to play 'only' moves, problems
starts when player have many possible move to play.} Bxd2 (30... dxe4 31. hxg6
Bxd2 32. Rxd2 Rxd4 33. Rxd4 Re8) 31. Rxd2 Rge8 $2 {...and Black plays wrong.
After the natural} (31... dxe4 32. hxg6 {everything looks danger for Black...
but with calm exchange} Rxd4 (32... Rd6 33. Be5) 33. Rxd4 Re8 {the position is
simply and drawish.}) 32. hxg6 {Simply and winning} Kg8 (32... hxg6 33. Bb6) (
32... Rxe4 33. Qh6 {is it this move what Black is overlooked?}) 33. gxh7+ Kh8
34. Bb6 {Now everything is over....} Qc8 35. Bxd8 Rxe4 36. Qg5 Qe6 37. Rd1 Re2
38. Qf4 Rxb2 39. Bxa5 {Even stronger was...} (39. Qf8+ Kxh7 40. Rd4 Qe1+ 41.
Kg2 Rb1 42. Rh4+ Kg6 43. Rg4+) 39... Rxb3 40. Re1 Qf6 41. Qxf6 {Pragmatic and
natural, but quicker was direct mating attack.} (41. Re8+ Kxh7 42. Qg4 Rb2 43.
Qh5+ Qh6 44. Qf5+ Qg6 45. Rh8+) 41... gxf6 42. Re7 d4 43. Rd7 (43. Bd8 $1)
43... b6 44. Bd2 c5 45. Kg2 Rd3 46. Bf4 c4 47. g4 {And white will check-mate
the Black King with Be5 after remove the f6 pawn.} 1-0

[Event "36. Open Untergrombach A-Turnier"]
[Site "?"]
[Date "2019.01.03"]
[Round "3.10"]
[White "Nekrasov, Mihail"]
[Black "Kilthau, Peter"]
[Result "1-0"]
[WhiteElo "2295"]
[BlackElo "1836"]
[PlyCount "82"]

1. e4 d6 2. d4 Nf6 3. Nc3 c6 4. f4 g6 5. Nf3 Bg7 6. Bd3 b5 7. a3 Qb6 8. Qe2 O-O
9. e5 dxe5 10. fxe5 Ng4 11. h3 Nh6 12. Be3 Qc7 13. g4 f5 14. g5 Nf7 15. a4 b4
16. Nb1 a5 17. Nbd2 c5 18. Qf2 Na6 19. Bc4 Bb7 20. h4 Rfd8 21. h5 Bd5 22. Qe2
Qc6 23. Bxd5 Rxd5 24. Qb5 Nd8 25. Nc4 Rb8 26. Nxa5 Qxb5 27. axb5 Rxb5 28. Ke2
Nc7 29. Nc4 Bf8 30. Ra7 Nce6 31. hxg6 hxg6 32. Ra6 Kf7 33. Nb6 Nc7 34. Nxd5
Nxa6 35. Ra1 Nb8 36. Kd3 Ne6 37. Ra7 Nc6 38. Ra6 c4+ 39. Kxc4 Rxd5 40. Kxd5
Nc7+ 41. Kxc6 Nxa6 1-0

[Event "36. Open Untergrombach A-Turnier"]
[Site "?"]
[Date "2019.01.04"]
[Round "4.1"]
[White "Shishkin, Vadim"]
[Black "Podat, Vladimir"]
[Result "1/2-1/2"]
[WhiteElo "2452"]
[BlackElo "2340"]
[PlyCount "43"]

1. d4 d5 2. c4 dxc4 3. e4 e5 4. Nf3 exd4 5. Bxc4 Nc6 6. O-O Bc5 7. Ng5 Nh6 8.
Nxf7 Nxf7 9. Bxf7+ Kxf7 10. Qh5+ g6 11. Qxc5 Re8 12. Nd2 Qe7 13. Qb5 a6 14. Qd3
Be6 15. b3 Rad8 16. Bb2 Nb4 17. Qg3 c5 18. a3 Nc6 19. f4 Kg8 20. Rac1 Kh8 21.
h4 a5 22. Rfe1 1/2-1/2

[Event "36. Open Untergrombach A-Turnier"]
[Site "?"]
[Date "2019.01.04"]
[Round "4.2"]
[White "Wiechert, Hans"]
[Black "Ikonnikov, Vyacheslav"]
[Result "1/2-1/2"]
[WhiteElo "2167"]
[BlackElo "2544"]
[PlyCount "46"]

1. d4 Nf6 2. c4 g6 3. g3 Bg7 4. Bg2 O-O 5. Nf3 d6 6. Nc3 Nc6 7. O-O a6 8. b3
Rb8 9. Bb2 Bd7 10. Rc1 Bh6 11. e3 Qc8 12. d5 Nd8 13. Qd4 Bg7 14. c5 Ng4 15. Qb4
Ne5 16. Nxe5 Bxe5 17. cxd6 exd6 18. Nd1 c5 19. dxc6 Nxc6 20. Qd2 Bh3 21. Ba3
Bxg2 22. Kxg2 Qe6 23. Nc3 Rfd8 {(=)} 1/2-1/2

[Event "36. Open Untergrombach A-Turnier"]
[Site "?"]
[Date "2019.01.04"]
[Round "4.3"]
[White "Kettner, Jürgen"]
[Black "Meijers, Viesturs"]
[Result "0-1"]
[WhiteElo "2237"]
[BlackElo "2433"]
[PlyCount "58"]

1. e4 c5 2. Nf3 b6 3. g3 Bb7 4. d3 e6 5. Bg2 Be7 6. O-O d5 7. Nbd2 Nf6 8. Re1
Nc6 9. Qe2 h6 10. c3 a5 11. a4 Qc7 12. exd5 Nxd5 13. Nc4 O-O 14. h3 Rad8 15.
Nh2 Rfe8 16. Ng4 Bf8 17. Bd2 Nce7 18. Nge5 Nf5 19. Rad1 g6 20. Bc1 Bg7 21. Qc2
Nde7 22. Bxb7 Qxb7 23. Qb3 Rb8 24. Nxf7 Kxf7 25. Nd6+ Nxd6 26. Qxe6+ Kf8 27.
Bf4 Nf7 28. Bxb8 Qxb8 29. Re4 Ng5 0-1

[Event "36. Open Untergrombach A-Turnier"]
[Site "?"]
[Date "2019.01.04"]
[Round "4.4"]
[White "Kurayan, Ruslan"]
[Black "Cofmann, Veaceslav"]
[Result "1-0"]
[WhiteElo "2376"]
[BlackElo "2205"]
[PlyCount "43"]

1. e4 d5 2. exd5 Nf6 3. c4 c6 4. d4 cxd5 5. Nc3 e6 6. Nf3 dxc4 7. Bxc4 Nc6 8.
O-O Be7 9. a3 O-O 10. Qd3 b6 11. Bg5 Bb7 12. Rad1 Rc8 13. Ba2 Nb8 {(=)} 14.
Rfe1 h6 15. Bh4 Ba6 16. Qc2 Qc7 17. Rxe6 fxe6 18. Bxe6+ Rf7 19. Ne5 Rcf8 20.
Qg6 Bd8 21. Nxf7 Rxf7 22. Bg3 1-0

[Event "36. Open Untergrombach A-Turnier"]
[Site "?"]
[Date "2019.01.04"]
[Round "4.5"]
[White "Medvedovski, Michael"]
[Black "Stets, Dmitry"]
[Result "0-1"]
[WhiteElo "2082"]
[BlackElo "2374"]
[PlyCount "66"]

1. e4 c5 2. Nf3 d6 3. d4 Nf6 4. Nc3 cxd4 5. Nxd4 g6 6. Be2 Bg7 7. O-O O-O 8.
Bg5 Nc6 9. Nb3 Be6 10. Kh1 Rc8 11. f4 a6 12. Re1 Na5 13. Nxa5 Qxa5 14. Bf3 Rfe8
15. Nd5 Bxd5 16. exd5 Qb4 17. c3 Qxb2 18. Rb1 Qxa2 19. Rxb7 h6 20. Bh4 Rxc3 21.
Rbxe7 Rxe7 22. Rxe7 Qc4 23. Re1 a5 24. Bf2 a4 25. Qd4 Qxd4 26. Bxd4 Rd3 27.
Bxf6 Bxf6 28. Re4 Bd4 29. Re8+ Kg7 30. Ra8 a3 31. h3 h5 32. f5 h4 33. fxg6 fxg6
0-1

[Event "36. Open Untergrombach A-Turnier"]
[Site "?"]
[Date "2019.01.04"]
[Round "4.6"]
[White "Müller, Erich"]
[Black "Nekrasov, Mihail"]
[Result "1/2-1/2"]
[WhiteElo "2056"]
[BlackElo "2295"]
[PlyCount "161"]

1. f4 d5 2. Nf3 Nf6 3. b3 g6 4. Bb2 Bg7 5. e3 O-O 6. Be2 c5 7. O-O Nc6 8. Ne5
Nxe5 9. Bxe5 Ne8 10. Bxg7 Nxg7 11. Qe1 Qd6 12. Nc3 e5 13. fxe5 Qxe5 14. Bf3 Be6
15. Ne2 Rad8 16. a4 a5 17. Qf2 b6 18. d4 Qc7 19. Nf4 cxd4 20. Nxe6 Nxe6 21.
exd4 Ng5 22. Qd2 Nxf3+ 23. Rxf3 Rfe8 24. Qf4 Qxf4 25. Rxf4 Rc8 26. Rf2 Re4 27.
Rd1 f5 28. Rfd2 Re3 29. Rf1 Re4 30. Rfd1 Kf7 31. Kf2 Ke6 32. Re1 Rc3 33. Ree2
f4 34. Kf1 Kf5 35. Rf2 Ree3 36. Rfe2 Ke4 37. Ke1 g5 38. Kd1 g4 39. Rf2 h5 40.
Rf1 h4 41. Re1 Rxe1+ 42. Kxe1 Ke3 43. Rf2 f3 44. Rd2 Kf4 45. Kf1 g3 46. gxf3
Kxf3 47. hxg3 hxg3 48. Re2 Re3 49. Rd2 Ke4 50. Kg2 Rc3 51. Kf1 Ke3 52. Ke1 Ke4
53. Kf1 Rf3+ 54. Ke1 Rf2 55. Rd3 Rxc2 56. Rxg3 Kxd4 57. Rg6 Kc5 58. Rg3 Kb4 59.
Rg6 Kxb3 60. Rxb6+ Kxa4 61. Kd1 Rc5 62. Kd2 Ka3 63. Kd3 a4 64. Kd4 Rc1 65. Kxd5
Ka2 66. Kd4 a3 67. Kd3 Rb1 68. Ra6 Rb8 69. Kc3 Rc8+ 70. Kd3 Kb2 71. Rb6+ Ka1
72. Kd2 a2 73. Rb7 Rh8 74. Rb6 Rh1 75. Kc2 {(=)} Rb1 76. Ra6 Rb8 77. Rc6 Rh8
78. Kc1 Rh1+ 79. Kc2 Rh2+ 80. Kc1 Rh5 81. Rc3 1/2-1/2

[Event "36. Open Untergrombach A-Turnier"]
[Site "?"]
[Date "2019.01.04"]
[Round "4.7"]
[White "Prestel, Oliver"]
[Black "Dauner, Benedikt"]
[Result "1/2-1/2"]
[WhiteElo "2108"]
[BlackElo "2079"]
[PlyCount "39"]

1. d4 Nf6 2. Nf3 e6 3. c4 Nc6 4. a3 d6 5. b4 g6 6. Bb2 Bg7 7. e3 O-O 8. Be2 Ne4
9. Qc2 f5 10. O-O Qe7 11. b5 Nb8 12. Nc3 Nxc3 13. Bxc3 Nd7 14. e4 e5 15. dxe5
Nxe5 16. Nxe5 Bxe5 17. Bxe5 Qxe5 18. exf5 Bxf5 19. Qd2 Rae8 20. Bf3 1/2-1/2

[Event "36. Open Untergrombach A-Turnier"]
[Site "?"]
[Date "2019.01.04"]
[Round "4.8"]
[White "Wilhelm, Jochen"]
[Black "Böttcher, Fabian"]
[Result "1-0"]
[WhiteElo "2108"]
[BlackElo "1890"]
[PlyCount "111"]

1. e4 e6 2. d4 d5 3. Nc3 Bb4 4. e5 Ne7 5. a3 Bxc3+ 6. bxc3 c5 7. Nf3 O-O 8. a4
Qa5 9. Bd2 Qc7 10. Bd3 h6 11. O-O c4 12. Be2 Nbc6 13. Re1 f6 14. exf6 Rxf6 15.
Bf1 Bd7 16. Ne5 Raf8 17. f4 Nc8 18. g3 Nd6 {(=)} 19. Bg2 Nf5 20. Bc1 Nxe5 21.
Rxe5 Rb8 22. a5 b6 23. axb6 axb6 24. Ba3 Bc6 25. Re1 Qf7 26. Bf3 Kh7 {(=)} 27.
Qe2 Rg8 28. Bg4 g6 29. Bxf5 gxf5 30. Bd6 Qg6 31. Ra7+ Rf7 32. Rea1 Rxa7 33.
Rxa7+ Rg7 34. Ra6 Rb7 35. Be5 Qe8 36. Qf1 Bb5 37. Ra3 Bc6 38. Qa1 Rf7 39. Qb2
b5 40. Ra6 Rb7 41. Qa3 Rf7 42. Qd6 Bd7 43. Ra7 Kg6 44. Kg2 h5 45. Rb7 Rh7 46.
Rb8 Qe7 47. Rg8+ Kf7 48. Qb8 Be8 49. Rg5 Qd7 {(=)} 50. Kf3 Ke7 51. Bg7 Kf7 52.
Qe5 Ke7 53. Qf6+ Kd6 54. Qf8+ Kc6 55. Qg8 Qa7 56. Qxe8+ 1-0

[Event "36. Open Untergrombach A-Turnier"]
[Site "?"]
[Date "2019.01.04"]
[Round "4.9"]
[White "Langer, Wolfgang"]
[Black "Sitzler, Fabian"]
[Result "1/2-1/2"]
[WhiteElo "2066"]
[BlackElo "1920"]
[PlyCount "43"]

1. e4 e6 2. d4 d5 3. Nc3 Bb4 4. Bd3 dxe4 5. Bxe4 Nf6 6. Bd3 O-O 7. Nf3 Nbd7 8.
O-O b6 9. a3 Be7 10. Ne5 Bb7 11. f4 c5 12. Be3 Qc8 13. Nxd7 Qxd7 14. dxc5 {(=)}
Qc6 15. Qe2 Bxc5 16. Bxc5 Qxc5+ 17. Kh1 Rad8 18. Rad1 Rfe8 19. Ne4 Nxe4 20.
Bxe4 Bxe4 21. Qxe4 Qc7 22. h3 1/2-1/2

[Event "36. Open Untergrombach A-Turnier"]
[Site "?"]
[Date "2019.01.04"]
[Round "4.10"]
[White "Noll, Michael"]
[Black "Mädler, Thomas"]
[Result "1/2-1/2"]
[WhiteElo "1707"]
[BlackElo "2065"]
[PlyCount "47"]

1. f4 d5 2. Nf3 Nf6 3. e3 c5 4. Bb5+ Bd7 5. Qe2 e6 6. b3 Be7 7. O-O O-O 8. Bb2
a6 9. Bxd7 Nbxd7 10. d3 Qc7 11. Ne5 Rac8 12. Nd2 Rfd8 13. c4 dxc4 14. dxc4 Bd6
15. Ng4 Be7 16. Rad1 g6 17. Qf3 Nxg4 18. Qxg4 f5 19. Qe2 {(=)} Bf6 20. Nf3 Kg7
21. Ng5 Re8 22. Rd3 e5 23. Rfd1 Nf8 24. Rd6 {(=)} 1/2-1/2

[Event "36. Open Untergrombach A-Turnier"]
[Site "?"]
[Date "2019.01.05"]
[Round "5.1"]
[White "Stets, Dmitry"]
[Black "Shishkin, Vadim"]
[Result "1/2-1/2"]
[WhiteElo "2374"]
[BlackElo "2452"]
[PlyCount "32"]

1. e4 c5 2. Nf3 Nc6 3. d4 cxd4 4. Nxd4 Nf6 5. Nc3 d6 6. Bg5 e6 7. Qd2 a6 8.
O-O-O Be7 9. f4 Bd7 10. Nf3 b5 11. Bxf6 gxf6 12. f5 Qb6 13. g3 O-O-O 14. Bh3
Kb8 15. fxe6 fxe6 16. Ne2 Ne5 {(=)} 1/2-1/2

[Event "36. Open Untergrombach A-Turnier"]
[Site "?"]
[Date "2019.01.05"]
[Round "5.2"]
[White "Meijers, Viesturs"]
[Black "Wiechert, Hans"]
[Result "1-0"]
[WhiteElo "2433"]
[BlackElo "2167"]
[PlyCount "153"]

1. c4 Nf6 2. g3 e6 3. Bg2 d5 4. Nf3 Be7 5. O-O O-O 6. b3 b6 7. Bb2 c5 8. cxd5
Nxd5 9. d4 Bb7 10. Nc3 Nd7 11. Qd2 Nxc3 12. Qxc3 Nf6 13. dxc5 Bxc5 14. Rad1 Qe7
15. Ng5 Bxg2 16. Kxg2 h6 17. Ne4 Qb7 18. f3 Be7 19. Nd6 Qa6 20. Nc4 Rfd8 21. a4
Qb7 22. Qe5 Ne8 23. Qe4 Qxe4 24. fxe4 f6 25. Kf3 Rxd1 26. Rxd1 Rd8 27. Rc1 Rc8
28. Rd1 Rd8 29. Ra1 Nd6 30. Nxd6 Bxd6 31. Rc1 Bc5 32. Bc3 Ba3 33. Ra1 Bf8 34.
Be1 Rd7 35. Rc1 Kf7 36. Bf2 Bd6 37. Rc8 Rc7 38. Ra8 Bb4 39. Be3 h5 40. h4 Kg6
41. Kf2 Kf7 42. Rd8 Kg6 43. Bd2 Bc5+ 44. Kf3 Be7 45. Ra8 Rd7 46. Be1 Bc5 47. b4
Bd4 48. b5 Bc5 49. Bf2 Bb4 50. g4 hxg4+ 51. Kxg4 f5+ 52. exf5+ exf5+ 53. Kf3
Ba5 54. Rh8 Re7 55. h5+ Kf7 56. Bd4 f4 57. h6 gxh6 58. Rxh6 Ke8 59. Rg6 Bd2 60.
Rg8+ Kd7 61. Rg7 Rxg7 62. Bxg7 Kd6 63. Ke4 Kc5 64. Be5 Kb4 65. Bxf4 Be1 66. Kd5
Kxa4 67. Kc6 Ka5 68. Be3 Bh4 69. Bd2+ Ka4 70. e4 Bg3 71. Bc3 Kb3 72. Bf6 Be1
73. e5 Bc3 74. Bg7 Ka4 75. e6 Bxg7 76. e7 Be5 77. e8=Q 1-0

[Event "36. Open Untergrombach A-Turnier"]
[Site "?"]
[Date "2019.01.05"]
[Round "5.4"]
[White "Ikonnikov, Vyacheslav"]
[Black "Lehmann, Sven"]
[Result "1-0"]
[WhiteElo "2544"]
[BlackElo "2027"]
[PlyCount "61"]

1. d4 d6 2. Nf3 g6 3. c4 Bg7 4. Nc3 e5 5. g3 Nc6 6. d5 Nd4 7. Nxd4 exd4 8. Nb5
c5 9. dxc6 bxc6 10. Bg2 Ne7 11. O-O cxb5 12. Bxa8 Bh3 13. Bg2 Bxg2 14. Kxg2
Qa8+ 15. Kg1 bxc4 16. Bg5 Nc6 17. Qa4 O-O 18. Qxc4 Ne5 19. Qa6 d3 20. f4 Ng4
21. Qxd3 Re8 22. Rf3 a5 23. Rc1 h6 24. Bh4 Qa7+ 25. Kg2 Ne3+ 26. Kh1 Ng4 27.
Qb5 Rb8 28. Qc4 Rxb2 29. Qc8+ Kh7 30. Qxg4 f5 31. Qh3 1-0

[Event "36. Open Untergrombach A-Turnier"]
[Site "?"]
[Date "2019.01.05"]
[Round "5.5"]
[White "Nekrasov, Mihail"]
[Black "Osmanovic, Faruk"]
[Result "1-0"]
[WhiteElo "2295"]
[BlackElo "2016"]
[PlyCount "118"]

1. e4 c5 2. Nf3 d6 3. d4 cxd4 4. Nxd4 Nf6 5. Nc3 a6 6. f4 Qc7 7. Bd3 g6 8. Qe2
Nbd7 9. Nf3 e5 10. O-O b5 11. a3 Bb7 12. Kh1 Be7 13. fxe5 dxe5 14. Bh6 Ng4 15.
Bg5 f6 16. Bd2 h5 17. Nh4 Nf8 18. Nf3 Ne6 19. Nd5 Qd8 20. c4 Nc5 21. Bb4 Bxd5
22. cxd5 Nxd3 23. Qxd3 Bxb4 24. axb4 Qb6 25. Qd2 Rc8 26. h3 Kd7 27. Rac1 Ne3
28. Qf2 Rxc1 29. Rxc1 Nc4 30. Qxb6 Nxb6 31. Rc6 Nc4 32. Rxf6 Rg8 33. b3 Nd6 34.
Nxe5+ Kc7 35. Rxg6 Nxe4 36. Rc6+ Kb7 37. Nd3 Rd8 38. Nc5+ Nxc5 39. Rxc5 h4 40.
Kh2 Rg8 41. d6 Rg3 42. Rd5 Kc8 43. Rh5 Rxb3 44. Rxh4 Rd3 45. Re4 Kd7 46. h4
Kxd6 47. h5 Kd5 48. Rh4 Ke6 49. h6 Rd8 50. h7 Rh8 51. Kg3 Kf6 52. Kf4 Kg7 53.
Kg5 a5 54. bxa5 Rxh7 55. Rxh7+ Kxh7 56. a6 b4 57. a7 b3 58. a8=Q b2 59. Qb7+
Kh8 1-0

[Event "36. Open Untergrombach A-Turnier"]
[Site "?"]
[Date "2019.01.05"]
[Round "5.6"]
[White "Ehlers, Michael"]
[Black "Wilhelm, Jochen"]
[Result "0-1"]
[WhiteElo "1927"]
[BlackElo "2108"]
[PlyCount "64"]

1. d4 Nf6 2. Bg5 d5 3. e3 c5 4. Bxf6 gxf6 5. dxc5 Qa5+ 6. Nc3 e6 7. a3 Qxc5 8.
Nge2 Bg7 9. Nf4 f5 10. Qd2 h5 11. h4 Nd7 12. Be2 Nf6 13. f3 Bd7 14. O-O-O O-O-O
15. Kb1 Kb8 16. Nh3 Rc8 17. Ng5 Rhf8 18. Qd4 Qc7 19. Qd2 Ne8 20. e4 Qb6 21. Ka2
fxe4 22. fxe4 d4 23. Rb1 dxc3 24. Qxd7 cxb2 25. Rh3 Nf6 26. Qd3 Ng4 27. Qb3 Qf2
28. Ba6 Rc7 29. Rf3 Qxc2 30. Qb4 Qxb1+ 31. Kxb1 Rc1+ 32. Ka2 Ra1+ 0-1

[Event "36. Open Untergrombach A-Turnier"]
[Site "?"]
[Date "2019.01.05"]
[Round "5.7"]
[White "Dauner, Benedikt"]
[Black "Schuster, Günther"]
[Result "1-0"]
[WhiteElo "2079"]
[BlackElo "1934"]
[PlyCount "65"]

1. b3 d5 2. Bb2 Nf6 3. Nf3 c5 4. e3 Nc6 5. Bb5 a6 6. Bxc6+ bxc6 7. O-O Bg4 8.
d3 e6 9. Nbd2 Bd6 10. Qe1 O-O 11. e4 Bc7 12. Qe3 d4 13. Qg5 h6 14. Qxc5 Bb6 15.
Qc4 c5 16. Ne5 Bh5 17. Qa4 Bc7 18. Ndc4 Ng4 19. Nxg4 Bxg4 20. f4 f5 21. Qc6
fxe4 22. Qxe4 Rc8 23. Ba3 Bf5 24. Qe2 Qd5 25. Rae1 Rf6 26. Bc1 Rcf8 27. Qf3
Qxf3 28. Rxf3 Bg4 29. Rff1 Bxf4 30. Bxf4 Rxf4 31. Rxf4 Rxf4 32. h3 Bf5 33. g3
1-0

[Event "36. Open Untergrombach A-Turnier"]
[Site "?"]
[Date "2019.01.05"]
[Round "5.8"]
[White "Clauss, Benjamin"]
[Black "Müller, Erich"]
[Result "0-1"]
[WhiteElo "1761"]
[BlackElo "2056"]
[PlyCount "98"]

1. e4 d6 2. d4 Nf6 3. Nc3 c6 4. Nf3 Nbd7 5. Bg5 e5 6. Bc4 Be7 7. Bb3 O-O 8. O-O
a5 9. a4 Re8 10. Qd2 exd4 11. Nxd4 Nc5 12. Rfe1 Nxb3 13. cxb3 Ng4 14. Bxe7 Qxe7
15. Qf4 Qe5 16. Qxe5 dxe5 17. Nf3 Nf6 18. Red1 Be6 19. Nd2 Rad8 20. Nc4 Bxc4
21. bxc4 Rd4 22. b3 Nd7 23. f3 Rd8 24. Ne2 Rxd1+ 25. Rxd1 Kf8 26. Kf2 Ke7 27.
Ke3 f6 28. Rd3 Nc5 29. Rxd8 Kxd8 30. Nc1 g6 31. Kd2 Kd7 32. Kc3 Ne6 33. Nd3 c5
34. g3 Kd6 35. f4 Nd4 36. fxe5+ fxe5 37. Nf2 Ke6 38. Ng4 Nf3 39. Kd3 h5 40. Ne3
Nxh2 41. Ke2 g5 42. Kf2 g4 43. Nf5 Nf3 44. Ng7+ Ke7 45. Nf5+ Kd7 46. Ng7 Nd4
47. Nxh5 Ke7 48. Ng7 Kf7 49. Nf5 Nxf5 0-1

[Event "36. Open Untergrombach A-Turnier"]
[Site "?"]
[Date "2019.01.05"]
[Round "5.9"]
[White "Schmidt, Danny"]
[Black "Kettner, Jürgen"]
[Result "0-1"]
[WhiteElo "2011"]
[BlackElo "2237"]
[PlyCount "74"]

1. d4 g6 2. g3 Bg7 3. Nf3 f5 4. Bg2 Nf6 5. O-O O-O 6. c4 d6 7. b3 Na6 8. Bb2 c6
9. Nc3 Bd7 10. d5 Nc7 11. dxc6 Bxc6 12. Nd2 Bxg2 13. Kxg2 Qd7 14. e3 Ne6 15.
Qe2 Rac8 16. f3 g5 17. e4 f4 18. Rad1 b5 19. Nd5 fxg3 20. hxg3 h5 21. Nxf6+
Bxf6 22. Bxf6 exf6 23. Qd3 h4 24. e5 Qf7 25. exd6 hxg3 26. Qf5 Rc5 27. Qg4 bxc4
28. Nxc4 Nf4+ 29. Kxg3 Rd8 30. Rfe1 Qg6 31. Kf2 Qh7 32. d7 Qh2+ 33. Kf1 Kf7 34.
Nd6+ Kg6 35. Re8 Qh1+ 36. Kf2 Rc2+ 37. Ke3 Re2+ 0-1